000 00595nam a2200193Ia 4500
005 20250508170131.0
008 008 250505s9999 xx 000 0 hin d
037 _aTheses
040 _aFEDL
_beng
_cFEDL
041 _ahin
_2eng
084 _a376.65, PRA/TH
_qFEDL
100 _aPraveen Kumar
245 0 _aAnusuchit jaati ki balikaon ki shaikshik sthiti evam shikshayee anubhav: Ek vishleshnatmak adhyayan
260 _c2021
300 _axv, 257p.
546 _aPh.D Thesis (Delhi University); C D Included
942 _cTH
_h376.65, PRA/TH
999 _c1399388
_d1399388